History Quiz

Random History or Clickable Quiz
Score 0/20 Timer 04:00
3 Plays Today
% Correct
Walt Disney
93.4%
Jack Daniel
86.1%
John Dillinger
84.6%
John Deere
84.4%
Michael Dukakis
84.1%
Jefferson Davis
83.6%
Bo Diddley
79.6%
Frederick Douglass
78.3%
Thomas Dewey
74.6%
Emily Dickinson
74.4%
% Correct
Clarence Darrow
71.5%
Richard J. Daley
71.1%
Abner Doubleday
71%
Howard Dean
67.2%
Stephen A. Douglas
63.9%
W.E.B. Du Bois
62.7%
John Foster Dulles
61.3%
Dorothea Dix
57.7%
Dorothy Day
44.3%
Angela Davis
42.1%
Remove Ads.
Support Sporcle.
Get the best of Sporcle when you Go Orange. This ad-free experience offers more features, more stats, and more fun while also helping to support Sporcle. Thank you for becoming a member.

You're not logged in!

Compare scores with friends on all Sporcle quizzes.
OR
Log In

Show Comments

Extras

Top Quizzes Today


Score Distribution

Your Account Isn't Verified!

In order to create a playlist on Sporcle, you need to verify the email address you used during registration. Go to your Sporcle Settings to finish the process.

Report this User

Report this user for behavior that violates our Community Guidelines.

Details: